000 00542nam a2200217Ia 4500
003 OSt
005 20220924122757.0
006 a|||||r|||| 00| 0
007 ta
008 220923b |||||||| |||| 00| 0 per d
024 _a324929
037 _cTextual
040 _aARTS
_cARTS
_bper
041 _2per
_aper
082 _aU.1, 164D9
245 0 _aMalumat-e-al-afaq
260 _aLucknow
_bMunshi Nawal Kishore India
_c1909
650 _aGEOGRAPHY
942 _hU.1, 164D9
_cTEXL
_2CC
999 _c413036
_d413036